សុឺមអ្នកបរឡាន / (Record no. 6587)

MARC details
000 -LEADER
fixed length control field 02667nam a22002417a 4500
001 - CONTROL NUMBER
control field 6587
003 - CONTROL NUMBER IDENTIFIER
control field FISKH
005 - DATE AND TIME OF LATEST TRANSACTION
control field 20250908155703.0
008 - FIXED-LENGTH DATA ELEMENTS--GENERAL INFORMATION
fixed length control field 250513b cb ||||| |||| 00| 0 eng d
040 ## - CATALOGING SOURCE
Original cataloging agency FISKH
Language of cataloging khr
Transcribing agency FISKH
Modifying agency FISKH
082 ## - DEWEY DECIMAL CLASSIFICATION NUMBER
Classification number 010
100 ## - MAIN ENTRY--PERSONAL NAME
Personal name Thok, Um
245 ## - TITLE STATEMENT
Title សុឺមអ្នកបរឡាន /
Statement of responsibility, etc. និពន្ធដោយ លោក អឺម ថុក
250 ## - EDITION STATEMENT
Edition statement បោះពុម្ពលើកទី២
260 ## - PUBLICATION, DISTRIBUTION, ETC.
Place of publication, distribution, etc. ភ្នំពេញ :
Name of publisher, distributor, etc. ក្រសួងអប់រំ យុវជន និងកីឡា ,
Date of publication, distribution, etc. ២០០៩ .
300 ## - PHYSICAL DESCRIPTION
Extent 34 pages :
Other physical details illustrations ;
Dimensions 21 cm.
520 ## - SUMMARY, ETC.
Summary, etc. សុឺម ជាបុរសមានចិត្តស្មោះត្រង់ ដែលប្រឹងប្រែងធ្វើការជាអ្នកបរឡាន ដើម្បីរកប្រាក់ចិញ្ចឹមគ្រួសារ។ ជីវិតរបស់គាត់មិនមែនងាយស្រួលទេ ប៉ុន្តែគាត់មិនដែលបោះបង់នឹងការប្រកាន់ខ្ជាប់នូវគុណធម៌នៃស្មោះត្រង់ និងមិនយល់អនុញ្ញាតឱ្យអំពើអាក្រក់ណាមួយប៉ះពាល់ដល់ការរស់នៅរបស់គាត់ឡើយ។<br/><br/>ក្នុងដំណើររបស់គាត់ អ្នកសុឺមបានជួបជាមួយព្រឹត្តិការណ៍នានា ដែលសាកល្បងស្មារតីនិងសេចក្ដីស្មោះរបស់គាត់។ នៅចុងបញ្ចប់ គាត់បានទទួលសេចក្ដីគោរពនិងស្រឡាញ់ពីសង្គម ដោយសារគុណធម៌ និងការរួមចំណែកលើសមិទ្ធផលល្អៗ។
520 ## - SUMMARY, ETC.
Summary, etc. Soeum is an honest man who works hard as a cart driver to earn money to support his family. His life is not easy, but he never gives up on upholding the value of honesty and never allows any wrongdoing to affect his way of life.<br/><br/>Throughout his journey, Soeum encounters many events that test his spirit and integrity. In the end, he earns respect and love from society because of his virtues and contributions to good deeds.
650 ## - SUBJECT ADDED ENTRY--TOPICAL TERM
Topical term or geographic name entry element សុឺមអ្នកបរឡាន
Form subdivision អក្សរសិល្ប៏ទំនើបបែបមនោគមវិជ្ជា
650 ## - SUBJECT ADDED ENTRY--TOPICAL TERM
Topical term or geographic name entry element Soeum nak bor lan
Form subdivision Modern literature in the style of psychology
942 ## - ADDED ENTRY ELEMENTS (KOHA)
Source of classification or shelving scheme Dewey Decimal Classification
Koha item type Khmer Books
Suppress in OPAC No
Holdings
Withdrawn status Lost status Source of classification or shelving scheme Damaged status Not for loan Collection Home library Current library Shelving location Date acquired Total Checkouts Full call number Barcode Date last seen Copy number Price effective from Koha item type
    Library of Congress Classification     Khmer Language Books / សៀវភៅភាសាខ្មែរ Footprints International School Library Network Toul Kork Campus Footprints International School Library Network Toul Kork Campus TK Old Khmer Books (Rear Hallway Shelf 3) 09/08/2025   THO PZ7 010 FISTK03546 09/08/2025 6 09/08/2025 Khmer Books
    Library of Congress Classification     Khmer Language Books / សៀវភៅភាសាខ្មែរ Footprints International School Library Network Toul Kork Campus Footprints International School Library Network Toul Kork Campus TK Old Khmer Books (Rear Hallway Shelf 3) 09/08/2025   THO PZ7 010 FISTK03547 09/08/2025 7 09/08/2025 Khmer Books
    Library of Congress Classification     Khmer Language Books / សៀវភៅភាសាខ្មែរ Footprints International School Library Network Toul Tom Poung Campus Footprints International School Library Network Toul Tom Poung Campus TTP Secondary Khmer Bookshelves 05/13/2025   THO PZ7 010 FISSE02453 05/13/2025 1 05/13/2025 Khmer Books
    Library of Congress Classification     Khmer Language Books / សៀវភៅភាសាខ្មែរ Footprints International School Library Network Toul Tom Poung Campus Footprints International School Library Network Toul Tom Poung Campus TTP Secondary Khmer Bookshelves 05/13/2025   THO PZ7 010 FISSE02258 05/13/2025 2 05/13/2025 Khmer Books
    Library of Congress Classification     Khmer Language Books / សៀវភៅភាសាខ្មែរ Footprints International School Library Network Toul Tom Poung Campus Footprints International School Library Network Toul Tom Poung Campus TTP Primary Khmer Bookshelves 05/13/2025   THO PZ7 010 FISSE01727 05/13/2025 3 05/13/2025 Khmer Books
    Library of Congress Classification     Khmer Language Books / សៀវភៅភាសាខ្មែរ Footprints International School Library Network Toul Tom Poung Campus Footprints International School Library Network Toul Tom Poung Campus TTP Primary Khmer Bookshelves 05/13/2025   THO PZ7 010 FISSE01728 05/13/2025 4 05/13/2025 Khmer Books
    Library of Congress Classification     Khmer Language Books / សៀវភៅភាសាខ្មែរ Footprints International School Library Network Toul Tom Poung Campus Footprints International School Library Network Toul Tom Poung Campus TTP Secondary Khmer Bookshelves 05/13/2025   THO PZ7 010 FISSE02253 05/13/2025 5 05/13/2025 Khmer Books